=LDR 00000nam 2200000 4500 =001 INLIS000000000016117 =005 20130612111407 =008 ***********************************Ind** =035 ##$$0010-061300000016117 =041 ##$$a Ind =082 ##$$a 2x9.84 =090 ##$$a 2x9.84, Shi f =100 ##$$a Shiddiqi, Nourouzzaman =245 ##$$a Fiqh Indonesia, penggagas dan gagasannya, Prof. Dr. Mourouzzaman Shiddiqi, MA =260 ##$$a 1997 $b Yogyakarta =300 ##$$a XXII-309 hlm., 21 cm =650 ##$$a Fiqhi - Sejarah =850 ##$$a NBPNMAT